| 000 | 00826nam a2200289Ia 4500 | ||
|---|---|---|---|
| 003 | OSt | ||
| 005 | 20220928112547.0 | ||
| 006 | a|||||r|||| 00| 0 | ||
| 007 | ta | ||
| 008 | 220927b |||||||| |||| 00| 0 eng d | ||
| 020 | _c1320 | ||
| 024 | _a105875 | ||
| 037 |
_b592, 18/02/2010, Total Books India _cTextual |
||
| 040 |
_aSDCL _cSDCL _beng |
||
| 041 |
_2eng _aeng |
||
| 082 | _aD6,8(B2895), 1, P4 | ||
| 100 |
_aDeitel H M _9428776 |
||
| 245 | 0 | _aOperating systems. | |
| 250 | _a3 | ||
| 260 |
_aDelhi _bPearson _c2004 |
||
| 300 |
_alix, 1209p _ccm. |
||
| 650 | _aI I C | ||
| 700 |
_a Choffnes D R _9428777 |
||
| 700 |
_a Deitel P J _9428778 |
||
| 942 |
_hD6,8(B2895), 1, P4 _cTEXL _2CC |
||
| 999 |
_c745290 _d745290 |
||